| 000 | 01040cam a22003257a 4500 | ||
|---|---|---|---|
| 003 | CHAP | ||
| 005 | 20220817043401.0 | ||
| 008 | 971013s1976 r 00010 d | ||
| 010 | _a73889 | ||
| 011 | _a74861 | ||
| 035 | _a84420 | ||
| 040 | _cCHAP | ||
| 082 |
_a080 _bS4 v.278 |
||
| 100 | 0 | 0 |
_aCardoso, Ciro Flamarión S. _ecomp. _918919 |
| 245 | 0 | _aTendencias actuales de la historia social y demográfica | |
| 260 |
_aMéxico. D.F. : _bSecretaría de Educación Pública, _c1976 |
||
| 300 | _a190 p. | ||
| 490 | 0 |
_aSEP/Setentas _v; 278 |
|
| 590 |
_aBATCH-UPD _b10 _c20130110 _lUCH01 _h0731 |
||
| 590 |
_aBATCH-UPD _b10 _c20130410 _lUCH01 _h0414 |
||
| 590 |
_aBATCH-UPD _b10 _c20130914 _lUCH01 _h1026 |
||
| 590 |
_aCONVERSION _b10 _c20130109 _lUCH01 _h1340 |
||
| 650 | 1 | 4 |
_aCondiciones sociales. _926332 |
| 650 | 1 | 4 |
_aDemografía. _931742 |
| 700 | 0 |
_aPérez Brignoli, Héctor. _989545 |
|
| 830 | 0 |
_aSEP. Setentas _v; 278 |
|
| 901 | _aBK | ||
| 942 | _cLIBRO | ||
| 949 |
_a080 S4 v.278 _bBC _cLIBRO _d33724000310165 _eLIBRO _h44516 _i84420 _mD _si |
||
| 999 |
_c73889 _d73889 |
||